| 000 | 00885cab a2200301 4500 | ||
|---|---|---|---|
| 001 | ABS46893 | ||
| 008 | 090401t1992 xxu||||| |||| 00| 0 eng d | ||
| 035 | _a(Sirsi) u60011 | ||
| 041 | _aeng | ||
| 100 | _aRose, J. | ||
| 245 | _aWhen the Canary stopped singing | ||
| 260 | _c1992 | ||
| 350 | _a0 | ||
| 490 |
_aEstates Gazette _v(9232) 15 August 1992, 20-21(2) |
||
| 520 | _aSuggests that the supply of commercial property should be arrested by planning controls on use of property and lending restrictions. | ||
| 650 | _aBANK LENDING | ||
| 650 | _aCANARY WHARF | ||
| 650 | _aPROPERTY-COMMERCIAL PROPERTY | ||
| 650 | _aDEVELOPMENT | ||
| 650 | _aFINANCE | ||
| 650 | _aOFFICES | ||
| 650 | _aPLANNING | ||
| 650 | _aPROPERTY MARKET | ||
| 650 | _aRECESSION | ||
| 690 | _aPROPERTY-COMMERCIAL PROPERTY-COMMERCIAL PROPERTY MARKET | ||
| 942 | _n0 | ||
| 948 | _c04/03/1997 | ||
| 999 |
_c36943 _d36943 |
||